Logo BPK

Bibliografia Prac Pracowników

Politechniki Koszalińskiej

Idea solidarności społecznej niezależnego zrzeszenia studentw 1980-1981 / (Rekord nr 9864)

Szczegóły MARC
000 -ETYKIETA REKORDU
podpole kontrolne o stałej długości 00811naa a2200205 i 4500
001 - NUMER KONTROLNY REKORDU
podpole kontrolne 9864
003 - IDENTYFIKATOR NUMERU KONTROLNEGO REKORDU
podpole kontrolne KOSZ 005
005 - DATA OSTATNIEJ MODYFIKACJI REKORDU
podpole kontrolne 20180411101312.0
008 - POLE O STAŁEJ DŁUGOŚCI - DANE KONTROLNE
podpole kontrolne o stałej długości 130304s2012 pl |000 0dpol
040 ## - ŹRÓDŁO KATALOGOWANIA
Instytucja, która utworzyła rekord BPK
Instytucja, która dokonała modyfikacji KOSZ 005/EG
041 1# - KOD JĘZYKA
Kod języka tekstu pol
080 ## - UNIWERSALNA KLASYFIKACJA DZIESIĘTNA - UKD
UKD 94(438).083
080 ## - UNIWERSALNA KLASYFIKACJA DZIESIĘTNA - UKD
UKD 316.64
080 ## - UNIWERSALNA KLASYFIKACJA DZIESIĘTNA - UKD
UKD 172
100 1# - NAZWA OSOBOWA
Nazwa osobowa WERRA, Zbigniew.
Instytucja Politechnika Koszalińska - Instytut Polityki Społecznej i Stosunków Międzynarodowych,
Wydział Zakład Stosunków Międzynarodowych
Lata pracy 2010 - .
245 10 - TYTUŁ/ODPOWIEDZIALNOŚĆ
Tytuł Idea solidarności społecznej niezależnego zrzeszenia studentw 1980-1981 /
Pozostałe elementy strefy tytułu i oznaczenia odpowiedzialności Zbigniew Werra.
650 ## - HASŁO PRZEDMIOTOWE W FORMIE NAZWY OGÓLNEJ LUB JEDNOSTKOWEJ
Nazwa ogólna lub geograficzna Solidarność społeczna.
773 0# - TYTUŁ DOKUMENTU MACIERZYSTEGO
Wyrażenie wprowadzające W :
Tytuł Solidarność : ludzie i idee / pod red. Marka Górki. -
Adres wydawniczy Koszalin : Wydaw. Uczelniane Politechniki Koszalińskiej, 2012. -
Informacje dotyczące relacji s. 47-66
942 ## - HASŁO DODATKOWE - ELEMENTY(KOHA)
Schemat klasyfikacji Uniwersalna klasyfikacja dziesiętna
Typ dokumentu Rozdział

Brak dostępnych egzemplarzy.

© 2014 Biblioteka Politechniki Koszalińskiej :: BIBLIOGRAFIA PRAC PRACOWNIKÓW